| 000 | 00355nam a2200121Ia 4500 | ||
|---|---|---|---|
| 008 | 220216s9999 xx 000 0 und d | ||
| 100 | _aHaridasan V | ||
| 245 | 0 | _aStudy of the working and living conditions of labour in rubber processing factories | |
| 260 |
_bRubber Board Bulletin _c1990 |
||
| 300 | _a19-20 | ||
| 650 | _aRubber processing | ||
| 942 | _cJS | ||
| 999 |
_c69822 _d69822 |
||